| 000 | 00000nam 2200000za 4500 |
| 001 | 9.843526 |
| 003 | CaOODSP |
| 005 | 20221107152537 |
| 007 | cr ||||||||||| |
| 008 | 180105s2009 onc o f000 0 eng |
| 020 | |a978-0-660-09628-5 |
| 040 | |aCaOODSP|beng |
| 043 | |an-cn--- |
| 086 | 1 |aBT39-4/2009E-PDF |
| 110 | 1 |aCanada. |bTreasury Board. |
| 245 | 10|aDirective on departmental security management |h[electronic resource]. |
| 260 | |aOttawa : |bTreasury Board of Canada, Secretariat, |cc2009. |
| 300 | |a[10] p. (un-numbered pages) |
| 500 | |aIssued also in French under title: Directive sur la gestion de la sécurité ministérielle. |
| 500 | |aCover title. |
| 500 | |a"Published: Jul 07, 2009." |
| 500 | |aAlso available in HTML format. |
| 504 | |aIncludes bibliographic hyperlink references. |
| 520 | 0 |a"Aims to achieve efficient, effective and accountable management of security within departments and agencies"--Provided by publisher. |
| 692 | 07|2gccst|aGovernment policy |
| 692 | 07|2gccst|aSecurity |
| 775 | 08|tDirective sur la gestion de la sécurité ministérielle |w(CaOODSP)9.843527 |
| 794 | |tDirective on security management.|w(CaOODSP)9.887731 |
| 856 | 40|qPDF|s165 KB|uhttps://publications.gc.ca/collections/collection_2018/sct-tbs/BT39-4-2009-eng.pdf |
| 856 | 4 |qHTML|sN/A|uhttps://www.tbs-sct.gc.ca/pol/doc-eng.aspx?id=16579 |